000 00680nam a2200217Ii 4500
003 JO-AjNU
008 230605s9999||||xx |||||||||||||| ||und||
017 _a1995/302
040 _aJO-AjNU
_bara
_erda
_cJO-AjNU
041 _aara
050 1 4 _aPJ7860.A328.A17 1995
100 3 _aتأليف عبد القادر،رعد,
_eauthor
_919162
245 0 0 _aجوائز السنة الكبيسة: شعر
250 _aط1
264 3 1 _aبغداد:دار الشؤون الثقافية،1995
300 _a103ص
336 _atext
_btxt
_2rdacontent
337 _aunmediated
_bn
_2rdamedia
338 _avolume
_bnc
_2rdacarrier
650 4 _aالشعر العربي - بغداد
_919163
999 _aA6266
_c9834
_d9834